| 000 | 00440nam a22001697a 4500 | ||
|---|---|---|---|
| 020 | _a9781401857608 | ||
| 082 |
_a604.2 _bGOE/TE |
||
| 100 |
_aGoetsch,David L. _91162 |
||
| 100 |
_aChalk,William S. _91163 |
||
| 100 |
_aNelson,John A. _91164 |
||
| 245 | _aTechnical Drawing | ||
| 250 | _a5 th | ||
| 260 |
_aAustralia _bThomson Delmar Learning _c2005 |
||
| 300 |
_a1121 _eC.D. Includes |
||
| 490 | _aDrafting and Design Series | ||
| 942 | _cBK | ||
| 999 |
_c14664 _d14664 |
||